LEADER 00881nam0-22003371i-450 001 990000768700403321 005 20220620121126.0 035 $a000076870 035 $aFED01000076870 035 $a(Aleph)000076870FED01 035 $a000076870 100 $a20001010d1984----km-y0itay50------ba 101 0 $aita 105 $ay-------001yy 200 1 $aCostruire$fGerardo Mazziotti$gprefazione di L. Semerani 210 $aNapoli$cEdizioni scientifiche ital iane$dc1984- 215 $a6 v.$d31 cm 300 $a83 p. : ill. 610 0 $aFondazioni 610 0 $aStrutture 610 0 $aEdilizia 676 $a624.1 700 1$aMazziotti,$bGerardo$08583 801 0$aIT$bUNINA$gRICA$2UNIMARC 901 $aBK 912 $a990000768700403321 952 $aTECN C 207$b14307$fFARBC 959 $aFARBC 996 $aCostruire$9350156 997 $aUNINA DB $aING01 LEADER 01980nam--2200469---450- 001 990003152000203316 005 20080929102442.0 010 $a978-92-79-07592-6$bvol. 1 010 $a978-92-79-07595-7$bvol. 2 035 $a000315200 035 $aUSA01000315200 035 $a(ALEPH)000315200USA01 035 $a000315200 100 $a20080929d2008----km-y0itay0103----ba 101 $afre 102 $aLU 105 $a||||||||001yy 200 1 $aRapport stratégique concernant la stratégie renouvelée de Lisbonne pour la croissance et l'emploi$elancement du nouveau cycle (2008-2010)$fCommission européenne 210 $aLuxembourg$cOffice des publications officielles des Communautés européennes$d2008 215 $a2 v. (25, 241 p.)$cill.$d30 cm 300 $aIn testa al front.: Communication de la Commission au Conseil européen de printemps 2008 327 1 $a<1>: Garder la cadence des réformes ; <2>: Évaluation des programmes nationaux de réforme 451 1$1001000315205$aStrategic report on the renewed Lisbon 601 02$aUnione europea$xPolitica economica$2BNCF 606 0 $aSviluppo economico$xPaesi della Comunità europea$2BNCF 676 $a338.94 699 $a02.01$bPolitica di sviluppo. Strategia di Lisbona 710 02$aCommissione europea$0333284 801 0$aIT$bsalbc$gISBD 912 $a990003152000203316 951 $aCDE 02.01 (LXXIII.1)$bCDE 1866$cCDE 02.01$d00150280 951 $aCDE 02.01 (LXXIII.2)$bCDE 1867$cCDE 02.01$d00150285 959 $aBK 969 $aCDE 979 $aMARIAS$b90$c20080929$lUSA01$h1004 979 $aMARIAS$b90$c20080929$lUSA01$h1014 979 $aMARIAS$b90$c20080929$lUSA01$h1018 979 $aMARIAS$b90$c20080929$lUSA01$h1023 979 $aMARIAS$b90$c20080929$lUSA01$h1024 979 $aBATCH-UPD$b90$c20111212$lUSA01$h1717 996 $aRapport stratégique concernant la stratégie renouvelée de Lisbonne pour la croissance et l'emploi$91018327 997 $aUNISA